LEADER 00778nam a2200181 i 4500 001 000000197931 003 CaOOAMICUS 005 20110222000000.0 008 110222s1930 it u000 u ita u 013 $a176619 040 $aSeMil$bita 245 10$a2. 300 $a594 p. 773 0 $aPacifici-Mazzoni, Emidio$tCodice civile italiano commentato con la legge romana, le sentenze dei dottori e la giurisprudenza.$bsesta, settima e ottava edizione riveduta e corredata della nuova giurisprudenza.$dTorino : Unione Tipografico-Editrice Torinese, 1927-1930.$gVolume13$w()24374 773 0 $tTrattato della vendita.$g2$w()24377 850 $aSeMil 852 $aSeMil$W1$xVenegono$y1$m3L II 139$j148487$B148487$CSeMilBibl$Z2$F159909 $81 996 $6245$a2$9(OLS)http://semarc/title/46889 LEADER 00818nab a2200145 i 4500 001 000000282370 003 CaOOAMICUS 005 20141104000000.0 008 141104n xx uu u0 0und r 013 $a35195 040 $aSeMil$bita 245 13$aLa Plebe :$bOrgano della Sezione di Pavia del Partito Socialista Italiano per l'Unità Proletaria. - Riproduzione anastatica del N.1, Anno 36., 15 Settembre 1943. 700 1 $aPartito socialista italiano di unità proletaria <1943-1947>.$0(OLS)http://semarc/name/84397 773 0 $tGiornali della Resistenza.$dMilano : Ufficio Stampa del Comune di Milano, 1970.$w()209602 996 $6245$aLa Plebe :$bOrgano della Sezione di Pavia del Partito Socialista Italiano per l'Unità Proletaria. - Riproduzione anastatica del N.1, Anno 36., 15 Settembre 1943.$9(OLS)http://semarc/title/364442